BURJ KHALIFA / (Record no. 173976)

MARC details
000 -LEADER
fixed length control field 01020nam a22002897ia4500
005 - DATE AND TIME OF LATEST TRANSACTION
control field 20200227221707.0
008 - FIXED-LENGTH DATA ELEMENTS--GENERAL INFORMATION
fixed length control field 190821t20192019nyuabo j 001 0 eng d
020 ## - INTERNATIONAL STANDARD BOOK NUMBER
International Standard Book Number 9781489681782
Qualifying information RM119.30
Terms of availability hardback
040 ## - CATALOGING SOURCE
Original cataloging agency PPAK
Language of cataloging eng
Transcribing agency PPAK
Description conventions rda
082 04 - DEWEY DECIMAL CLASSIFICATION NUMBER
Classification number 725.2095357
Edition number 23
090 00 - LOCALLY ASSIGNED LC-TYPE CALL NUMBER (OCLC); LOCAL CALL NUMBER (RLIN)
Classification number (OCLC) (R) ; Classification number, CALL (RLIN) (NR) 725.2095357
Feature heading GOL
Feature heading K
100 1# - MAIN ENTRY--PERSONAL NAME
Personal name Goldsworthy, Kaite,
Relator term author.
245 10 - TITLE STATEMENT
Title BURJ KHALIFA /
Statement of responsibility, etc. KAITE GOLDSWORTHY
264 #1 - PRODUCTION, PUBLICATION, DISTRIBUTION, MANUFACTURE, AND COPYRIGHT NOTICE
Place of production, publication, distribution, manufacture New York, NY :
Name of producer, publisher, distributor, manufacturer AV2 by Weigl,
Date of production, publication, distribution, manufacture, or copyright notice [2019]
Date of production, publication, distribution, manufacture, or copyright notice ©2019
300 ## - PHYSICAL DESCRIPTION
Extent 24 pages :
Other physical details colour illustrations, colour map, colour photographs ;
Dimensions 27 cm
336 ## - CONTENT TYPE
Source rdacontent
Content type term text
337 ## - MEDIA TYPE
Source rdamedia
Media type term unmediated
338 ## - CARRIER TYPE
Source rdacarrier
Carrier type term volume
490 1# - SERIES STATEMENT
Series statement STRUCTURAL WONDERS OF THE WORLD
500 ## - GENERAL NOTE
General note Includes index.
General note Includes exercises and answers.
650 10 - SUBJECT ADDED ENTRY--TOPICAL TERM
Topical term or geographic name entry element Burj Khalifa (Dubai, United Arab Emirates)
Form subdivision Juvenile literature
Topical term or geographic name entry element Skyscrapers
Geographic subdivision United Arab Emirates
-- Dubai
Form subdivision Juvenile literature
830 #0 - SERIES ADDED ENTRY--UNIFORM TITLE
Uniform title Structural wonders of the world
942 ## - ADDED ENTRY ELEMENTS (KOHA)
Source of classification or shelving scheme Dewey Decimal Classification
Koha item type Book
Holdings
Withdrawn Not for loan Current library Shelving location Date acquired Total Checkouts Full call number Barcode Date last seen Date last checked out Koha item type
    Perpustakaan Alor Setar Pinjaman Kanak-kanak 06/10/2019 1 K 725.2095357 GOL A01615705 24/08/2022 01/08/2022 Book